Zolushka.

Bibliographic Details
Main Author: Ivask, I︠U︡riĭ
Format: Book
Language:Russian
Published: N [publisher not identified] ; [date of publication not identified]

MARC

Tag First Indicator Second Indicator Subfields
LEADER 00000cam a2200000 4500
001 in00000023373
005 20151007064413.0
008 780214s1970 nyu 00000 rusr
010 |a  79257389  
035 |a (OCoLC)03637599 
035 |9 AAD9754AM 
040 |a DLC  |c BXM  |d TXA  |d UtOrBLW 
049 |a TXAM  |c [1471646] 
050 0 0 |a PG3476.I93  |b Z35 
100 1 |a Ivask, I︠U︡riĭ. 
245 1 0 |a Zolushka. 
264 1 |a N  |b [publisher not identified] ;  |c [date of publication not identified] 
300 |a 64 pages ;  |c 21 cm. 
336 |a text  |b txt  |2 rdacontent 
337 |a unmediated  |b n  |2 rdamedia 
338 |a volume  |b nc  |2 rdacarrier 
500 |a At head of title: IUrii Ivask. 
500 |a Poems. 
500 |a In Cyrillic characters. 
999 |a MARS 
999 f f |s e187c664-e218-341f-95c9-670e0df2a058  |i 35efebdd-146d-3a6d-a33c-63d14d2083ef  |t 0 
952 f f |p ric  |a Texas A&M University  |b Rellis Campus  |c Joint Library Facility  |d Remote Storage  |t 0  |e PG3476.I93 Z35  |h Library of Congress classification  |i unmediated -- volume  |m A14803629240 
998 f f |a PG3476.I93 Z35  |t 0  |l Remote Storage